Puhutuimmat romaaniset kielet - Statistics

Yleistilastot
  • Tätä visaa on pelattu 435 kertaa
  • Keskiarvotulos 5 / 6
Vastaustilastot
Puhujia Kieli % Oikein
405 milj. espanja
94%
59 milj. italia
90%
215 milj. portugali
90%
75 milj. ranska
88%
24 milj. romania
82%
4,1 milj. katalaani
35%
Ehtoja vastaavia visoja ei löytynyt
Tulosjakauma
Jokaisen tuloksen saaneiden osuus
Persentiili vastausten määrän mukaan
Tuloshistoriasi
Et ole pelannut tätä visaa